All Incorporated Municipalities of Bucks County, Pennsylvania - Statistics

General Stats
  • This quiz has been taken 26 times
  • The average score is 27 of 54
Answer Stats
Answer % Correct
Bristol
91%
Bristol
91%
New Hope
91%
Newtown
91%
Newtown
91%
Langhorne
82%
Bensalem
73%
Doylestown
73%
Quakertown
73%
Solebury
73%
Yardley
73%
Buckingham
64%
Lower Makefield
64%
Morrisville
64%
Penndel
64%
Tullytown
64%
Upper Makefield
64%
Warminster
64%
Warrington
64%
Warwick
64%
Chalfont
55%
Falls
55%
Langhorne Manor
55%
Middletown
55%
Bedminster
45%
New Britain
45%
New Britain
45%
Nockamixon
45%
Northampton
45%
Plumstead
45%
Telford
45%
Tinicum
45%
Dublin
36%
Durham
36%
Lower Southampton
36%
Perkasie
36%
Riegelsville
36%
Sellersville
36%
Upper Southampton
36%
East Rockhill
27%
Haycock
27%
Hilltown
27%
Hulmeville
27%
Milford
27%
Richland
27%
Richlandtown
27%
Springfield
27%
Trumbauersville
27%
West Rockhill
27%
Bridgeton
18%
Ivyland
18%
Silverdale
18%
Wrightstown
18%
Doyletown
0%
No matching quizzes found
Score Distribution
Percent of People with Each Score
Percentile by Number Answered
Your Score History
You have not taken this quiz